=LDR 00000nam 2200000 4500 =001 INLIS000000000031987 =005 20130612134025 =008 ***********************************ind** =035 ##$$0010-061300000031987 =041 ##$$a ind =082 ##$$a 030 =090 ##$$a 030, Hid e =100 ##$$a Hidayat,Amir F =245 ##$$a Ensiklopedi, Negara-Negara Di Dunia, Amir F Hidayat, H.g Abdurrasyid =260 ##$$a 2006 $b Bandung =300 ##$$a 593 hlm, Ilus, 24 cm =650 ##$$a Ensiklopedi =700 ##$$a H.G Abdurrasyid =850 ##$$a NBPNMAT